Hello everybody, im Lindsey Nelson (Record no. 30782)

MARC details
000 -LEADER
fixed length control field 00435nam a2200169Ia 4500
020 ## - INTERNATIONAL STANDARD BOOK NUMBER
ISBN 0- 688- 04186- 8
050 ## - CALL MARK
Classification number GV742.42.N45A36
100 ## - STATEMENT OF RESPONSIBILITY--MAIN AUTHOR NAME
Personal name Lindsey Nelson
245 #0 - TITLE STATEMENT
Title Hello everybody, im Lindsey Nelson
260 ## - PUBLICATION, DISTRIBUTION, ETC. (IMPRINT)
Name of publisher BeechTree Books
260 ## - PUBLICATION, DISTRIBUTION, ETC. (IMPRINT)
Year of publication 1985
300 ## - PHYSICAL DESCRIPTION
Number of Pages 430 p
650 ## - SUBJECT ADDED ENTRY--TOPICAL TERM
Topical Term Sports casters- United states- biography
942 ## - ADDED ENTRY ELEMENTS (KOHA)
Koha item type Books
Holdings
Withdrawn status Lost status Source of classification or shelving scheme Damaged status Not for loan Permanent Location Current Location Date acquired Accession Number Price effective from Koha item type
    Library of Congress Classification     NILE UNIVERSITY OF NIGERIA - MAIN LIBRARY NILE UNIVERSITY OF NIGERIA - MAIN LIBRARY 04/23/2025 0002434 04/23/2025 Books